[Event "Mumbai Wealth op 5th"]
[Site "Mumbai"]
[Date "2020.01.06"]
[Round "8"]
[White "Fedorov, Alexei"]
[Black "Nikhil, Magizhnan"]
[Result "1-0"]
[WhiteElo "2562"]
[BlackElo "2077"]
[PlyCount "83"]
[EventDate "2019.12.30"]
[EventType "swiss"]
[EventRounds "9"]
[EventCountry "IND"]
[SourceTitle "CBM 194 Extra"]
[Source "ChessBase"]
[SourceDate "2020.03.31"]
[SourceVersion "1"]
[SourceVersionDate "2020.03.31"]
[SourceQuality "1"]

1. e4 e6 2. Qe2 c5 3. f4 Nc6 4. Nf3 g6 5. g3 Bg7 6. c3 Nge7 7. Bg2 0-0 8. 0-0 d6 9. Na3 Rb8 10. Rd1 b5 11. Nxb5 Ba6 12. a4 Qa5 13. Ra3 Bxb5 14. axb5 Qxb5 15. d3 d5 16. e5 Na5 17. Be3 Nec6 18. Rb1 Rfd8 19. Bf2 Bf8 20. Ra2 Nb3 21. g4 Bg7 22. h4 Re8 23. Kh2 a5 24. h5 Rbc8 25. Bh3 Bh6 26. Bg3 Ne7 27. hxg6 hxg6 28. Kg2 Kf8 29. Rh1 Qb6 30. Qf2 Rc6 31. Bh4 Bxf4 32. Bg5 Nc1 33. Rxc1 Bxc1 34. Bxc1 Ng8 35. Ng5 Re7 36. Ra4 d4 37. c4 Rb7 38. Kg3 Rcc7 39. Bg2 Rb8 40. Be4 Ke8 41. Bd2 Qxb2 42. Rxa5 1-0

[Event "Mumbai Wealth U13 op 5th"]
[Site "Mumbai"]
[Date "2019.12.30"]
[Round "1"]
[White "Nikhil, Magizhnan"]
[Black "Yash, Joshi1111"]
[Result "1-0"]
[WhiteElo "2077"]
[BlackElo "1127"]
[PlyCount "61"]
[EventDate "2019.12.30"]
[EventType "swiss"]
[EventRounds "9"]
[EventCountry "IND"]
[SourceTitle "CBM 194 Extra"]
[Source "ChessBase"]
[SourceDate "2020.03.31"]
[SourceVersion "1"]
[SourceVersionDate "2020.03.31"]
[SourceQuality "1"]

1. e4 c5 2. Nf3 d6 3. c3 Nc6 4. d4 cxd4 5. cxd4 Bg4 6. d5 Bxf3 7. gxf3 Ne5 8. Bb5+ Nd7 9. Nc3 a6 10. Be2 Ngf6 11. a4 g6 12. Be3 a5 13. h4 Bg7 14. Bd4 Rc8 15. h5 Nxh5 16. Rxh5 gxh5 17. Bxg7 Rg8 18. Bd4 Rg1+ 19. Bf1 h4 20. Qd2 Rc4 21. 0-0-0 Rb4 22. Bb5 Rg2 23. Qh6 e5 24. dxe6 fxe6 25. Qxe6+ Kf8 26. Bxd7 Rxd4 27. Rxd4 Qg5+ 28. Kb1 Rxf2 29. Qf5+ Qxf5 30. Bxf5 Rxf3 31. Rxd6 1-0

[Event "Chennai Velammal rapid op"]
[Site "Chennai"]
[Date "2019.11.02"]
[Round "5"]
[White "Ravi, Thandalam Shanmugam"]
[Black "Nikhil, Magizhnan"]
[Result "0-1"]
[WhiteElo "2234"]
[BlackElo "1846"]
[PlyCount "99"]
[EventDate "2019.11.02"]
[EventType "swiss (rapid)"]
[EventRounds "9"]
[EventCountry "IND"]
[SourceTitle "CBM 192 Extra"]
[Source "Chessbase"]
[SourceDate "2019.11.06"]
[SourceVersion "1"]
[SourceVersionDate "2019.11.06"]
[SourceQuality "1"]

1. e4 e6 2. d4 d5 3. Nd2 Nf6 4. e5 Nfd7 5. f4 c5 6. c3 Nc6 7. Ndf3 Qb6 8. a3 a5 9. b3 Be7 10. g3 Qc7 11. Bb2 Na7 12. a4 b6 13. Bd3 Bb7 14. Qe2 Rc8 15. Nh3 g6 16. Nf2 Bc6 17. h4 h5 18. Nh3 c4 19. bxc4 dxc4 20. Be4 b5 21. axb5 Nxb5 22. Bxc6 Qxc6 23. Rxa5 Nxd4 24. cxd4 Bb4+ 25. Kf2 Bxa5 26. Nhg5 Bb4 27. Ne4 Be7 28. Rc1 Nb6 29. Nfd2 Qd5 30. Qe3 Qb5 31. Ba3 Nd5 32. Qf3 Nb4 33. Rb1 0-0 34. Bxb4 Bxb4 35. Nd6 Qb6 36. Qe4 c3 37. N2c4 Qc6 38. Qc2 Bxd6 39. Nxd6 Rb8 40. Rxb8 Rxb8 41. Ke3 Rb2 42. Qe4 Qxe4+ 43. Nxe4 Rg2 44. Nxc3 Rxg3+ 45. Kd2 Rg4 46. Ke3 Rxh4 47. Ne4 Rh3+ 48. Ke2 Kg7 49. Kf2 Rd3 50. Ke1 0-1

[Event "Wch U14"]
[Site "Mumbai"]
[Date "2019.10.04"]
[Round "4"]
[White "Nikhil, Magizhnan"]
[Black "Davtyan, Arsen"]
[Result "1/2-1/2"]
[WhiteElo "2160"]
[BlackElo "1942"]
[PlyCount "255"]
[EventDate "2019.10.02"]
[EventType "swiss"]
[EventRounds "11"]
[EventCountry "IND"]
[SourceTitle "EXT 2020"]
[Source "ChessBase"]
[SourceDate "2019.10.17"]
[SourceVersion "1"]
[SourceVersionDate "2019.10.17"]
[SourceQuality "1"]

1. e4 c5 2. c3 d5 3. exd5 Qxd5 4. d4 Nc6 5. Nf3 cxd4 6. cxd4 e5 7. Nc3 Bb4 8. Bd2 Bxc3 9. Bxc3 e4 10. Nd2 Nf6 11. Bc4 Qg5 12. Qe2 Qxg2 13. 0-0-0 Bg4 14. Qe1 0-0-0 15. Rg1 Qh3 16. d5 Nxd5 17. Bxd5 Rxd5 18. Qxe4 Be6 19. Rxg7 Qh5 20. Rdg1 Qh6 21. f4 Rhd8 22. Rxh7 Qf8 23. Rh8 Qc5 24. Rxd8+ Rxd8 25. Rg5 Qf2 26. Rg2 Qc5 27. a3 Kb8 28. Qe2 Ka8 29. Rg5 Qd6 30. Qe3 Rc8 31. Kb1 Ne7 32. Ra5 a6 33. Bb4 Qc6 34. Rc5 Qh1+ 35. Kc2 Bf5+ 36. Kb3 Be6+ 37. Kc2 Nc6 38. Bc3 Bg4 39. b4 Qxh2 40. b5 axb5 41. Rxb5 Qh7+ 42. Kb2 f6 43. Nc4 Kb8 44. Bxf6 Qh2+ 45. Qd2 Qe2 46. Qxe2 Bxe2 47. Rc5 Rf8 48. Bg5 Ka7 49. Nd6 Kb6 50. Rc2 Bg4 51. Rg2 Be6 52. Re2 Bg4 53. Re3 Nd4 54. Re4 Ne6 55. Rb4+ Kc7 56. Nxb7 Bf3 57. Na5 Nxg5 58. fxg5 Rf5 59. Nb3 Rxg5 60. Nd4 Bd5 61. Rb5 Rg2+ 62. Kc3 Bc6 63. Rc5 Rg6 64. Rh5 Kb6 65. Nc2 Rg3+ 66. Kc4 Rg4+ 67. Nd4 Rg6 68. Rh4 Rg1 69. Rh6 Rc1+ 70. Kb4 Rb1+ 71. Kc3 Rc1+ 72. Kd2 Rc5 73. a4 Kb7 74. a5 Rxa5 75. Rxc6 Ra2+ 76. Kd3 Rh2 77. Rc1 Rh3+ 78. Kc4 Kc7 79. Rg1 Kd6 80. Rg5 Rh1 81. Rd5+ Ke7 82. Re5+ Kf6 83. Rf5+ Kg6 84. Ra5 Kf6 85. Nc2 Rh4+ 86. Kd3 Rh3+ 87. Ne3 Ke6 88. Ke4 Rh4+ 89. Kf3 Rh3+ 90. Kf4 Rh4+ 91. Ng4 Rh1 92. Ke4 Kd6 93. Rd5+ Kc6 94. Ne5+ Kb6 95. Nd3 Rh4+ 96. Nf4 Rh1 97. Ke5 Rh8 98. Ke6 Rh6+ 99. Kd7 Rh7+ 100. Kd6 Rh6+ 101. Ne6 Rh8 102. Rd1 Kb5 103. Rc1 Rh6 104. Rc8 Kb4 105. Rc1 Kb5 106. Rc5+ Kb4 107. Rg5 Kc4 108. Rg4+ Kc3 109. Kd5 Rh8 110. Rg3+ Kb4 111. Rf3 Rh5+ 112. Kd4 Rh4+ 113. Nf4 Rh1 114. Nd5+ Kb5 115. Rb3+ Kc6 116. Rb6+ Kd7 117. Rg6 Rd1+ 118. Ke4 Re1+ 119. Ne3 Kc7 120. Kd4 Kd7 121. Nf5 Ra1 122. Ne3 Re1 123. Nc4 Rd1+ 124. Kc5 Ke7 125. Ne3 Rc1+ 126. Kd5 Kf7 127. Rh6 Ra1 128. Kd4 1/2-1/2

[Event "IND-ch U15"]
[Site "Tiruchengode"]
[Date "2019.07.17"]
[Round "11"]
[White "Nikhil, Magizhnan"]
[Black "Anadkat, Kartavya"]
[Result "0-1"]
[WhiteElo "2164"]
[BlackElo "1941"]
[PlyCount "118"]
[EventDate "2019.07.09"]
[EventType "swiss"]
[EventRounds "11"]
[EventCountry "IND"]
[SourceTitle "EXT 2020"]
[Source "ChessBase"]
[SourceDate "2019.10.17"]
[SourceVersion "1"]
[SourceVersionDate "2019.10.17"]
[SourceQuality "1"]

1. e4 e5 2. Nf3 Nc6 3. Bb5 a6 4. Bxc6 dxc6 5. 0-0 Bg4 6. h3 Bh5 7. g4 Bg6 8. Nxe5 Qh4 9. Qf3 f6 10. Nxg6 hxg6 11. Kg2 g5 12. d4 0-0-0 13. Be3 Ne7 14. Nd2 Kb8 15. Rh1 Ng6 16. Qf5 Qh6 17. Nf3 Ne7 18. Qe6 Qg6 19. Nd2 Qe8 20. Rae1 Rh6 21. Qb3 Ng6 22. Nf3 Rh8 23. e5 c5 24. d5 Nxe5 25. Nxe5 Qxe5 26. Bxc5 Qf4 27. Be3 Qe4+ 28. f3 Qxd5 29. Rd1 Qxd1 30. Rxd1 Rxd1 31. c4 Rd7 32. c5 c6 33. Qe6 Re7 34. Qd6+ Kc8 35. Qd3 Re5 36. f4 Rd5 37. Qg6 Bxc5 38. Qxg7 Rhd8 39. Bxc5 Rxc5 40. Qxf6 gxf4 41. Qxf4 Rc2+ 42. Kg3 Rcd2 43. Qe5 R8d4 44. Kh4 R2d3 45. Qf5+ Kc7 46. Qf1 Kc8 47. Qf5+ Kc7 48. Qf7+ Kc8 49. Qf1 Kc7 50. Kh5 Rd6 51. g5 R3d5 52. h4 c5 53. Kg4 Rd4+ 54. Kg3 Rd3+ 55. Kf2 b5 56. h5 Rd1 57. Qe2 R6d2 58. h6 Rxe2+ 59. Kxe2 Rh1 0-1

[Event "IND-ch U15"]
[Site "Tiruchengode"]
[Date "2019.07.09"]
[Round "1"]
[White "Nikhil, Magizhnan"]
[Black "Vengatesh Krishnan, C."]
[Result "1-0"]
[WhiteElo "2164"]
[BlackElo "1408"]
[PlyCount "73"]
[EventDate "2019.07.09"]
[EventType "swiss"]
[EventRounds "11"]
[EventCountry "IND"]
[SourceTitle "EXT 2020"]
[Source "ChessBase"]
[SourceDate "2019.10.17"]
[SourceVersion "1"]
[SourceVersionDate "2019.10.17"]
[SourceQuality "1"]

1. e4 c5 2. Nf3 d6 3. c3 Nf6 4. Be2 e6 5. 0-0 Be7 6. Qc2 0-0 7. d4 h6 8. Bd3 a6 9. a4 b6 10. Bf4 Bb7 11. Nbd2 Nbd7 12. Rad1 Nh5 13. Be3 e5 14. d5 g5 15. g3 Ndf6 16. Ne1 Bc8 17. Ng2 Bh3 18. Be2 Ng4 19. b4 Kh7 20. a5 Rg8 21. axb6 Qd7 22. bxc5 dxc5 23. Nc4 Bxg2 24. Kxg2 Nf4+ 25. Bxf4 gxf4 26. Bxg4 Qxg4 27. Nxe5 Qh5 28. Nf3 Rg6 29. e5 Rag8 30. d6 Bh4 31. Qe4 Kh8 32. Qxf4 Rg4 33. Qe3 Bxg3 34. hxg3 Qg6 35. Nd2 h5 36. Qf3 f5 37. exf6 1-0

[Event "IND-ch U13 33rd"]
[Site "Visakhapatnam"]
[Date "2019.05.07"]
[Round "6"]
[White "Nikhil, Magizhnan"]
[Black "Jubin, Jimmy"]
[Result "0-1"]
[WhiteElo "2175"]
[BlackElo "2214"]
[PlyCount "96"]
[EventDate "2019.05.04"]
[EventType "swiss"]
[EventRounds "11"]
[EventCountry "IND"]
[SourceTitle "CBM 190 Extra"]
[Source "ChessBase"]
[SourceDate "2019.07.15"]
[SourceVersion "1"]
[SourceVersionDate "2019.07.15"]
[SourceQuality "1"]

1. e4 c6 2. d4 d5 3. e5 Bf5 4. Ne2 e6 5. Ng3 Bg6 6. c3 Nd7 7. Be2 Ne7 8. h4 Nf5 9. Nxf5 Bxf5 10. Nd2 h6 11. g4 Bh7 12. f4 Be7 13. Nf3 Be4 14. Bd3 Bxd3 15. Qxd3 h5 16. Rg1 hxg4 17. Rxg4 g6 18. h5 Rxh5 19. Rxg6 Rh1+ 20. Rg1 Rxg1+ 21. Nxg1 Qb6 22. Nf3 0-0-0 23. Qh7 Rf8 24. f5 exf5 25. b4 Qa6 26. Qxf5 Rh8 27. Bb2 Rh1+ 28. Kf2 Rxa1 29. Bxa1 Qxa2+ 30. Kg3 Qxa1 31. Qxf7 Kd8 32. e6 Nf6 33. Ne5 Qxc3+ 34. Kg2 Qc2+ 35. Kg1 Qd1+ 36. Kg2 Qd2+ 37. Kg1 Qe3+ 38. Kg2 Qe4+ 39. Kg3 Qh7 40. Ng6 Qxf7 41. exf7 Nd7 42. Kg4 Nf8 43. Nf4 Bxb4 44. Nh3 Ke7 45. Ng5 Bc3 46. Kh5 a5 47. Kh6 Bd2 48. Kg7 Bxg5 0-1

[Event "Mumbai Wealth op U13 4th"]
[Site "Mumbai"]
[Date "2019.01.05"]
[Round "7"]
[White "Aaryan, Varshney"]
[Black "Nikhil, Magizhnan"]
[Result "1/2-1/2"]
[WhiteElo "2200"]
[BlackElo "2148"]
[PlyCount "102"]
[EventDate "2018.12.30"]
[EventType "swiss"]
[EventRounds "9"]
[EventCountry "IND"]
[SourceTitle "CBM 188 Extra"]
[Source "ChessBase"]
[SourceDate "2019.02.26"]
[SourceVersion "1"]
[SourceVersionDate "2019.02.26"]
[SourceQuality "1"]

1. d4 Nf6 2. Nf3 e6 3. c4 d5 4. Nc3 Bb4 5. cxd5 exd5 6. Bg5 0-0 7. e3 Be7 8. Bd3 c6 9. Qc2 h6 10. Bh4 Re8 11. 0-0 Nbd7 12. Bg3 Nf8 13. Rab1 Bd6 14. Bxd6 Qxd6 15. b4 Be6 16. b5 Bg4 17. Nd2 c5 18. dxc5 Qxc5 19. Nb3 Qd6 20. h3 Bh5 21. Nd4 Ne6 22. Nf5 Qd7 23. Ng3 d4 24. Nce4 Nxe4 25. Bxe4 Rac8 26. Qb2 Rc5 27. Bf5 dxe3 28. fxe3 Bg6 29. Bxg6 fxg6 30. Qb3 Qd5 31. Rfd1 Qxb3 32. Rxb3 Rc2 33. Ra3 Nc5 34. Rxa7 Rxe3 35. Kh2 Ne6 36. Ra8+ Kh7 37. Rf1 g5 38. Re8 Rcc3 39. Nf5 Re2 40. Ng3 Ree3 41. Rf7 Nd4 42. Rxe3 Rxe3 43. Rxb7 Ra3 44. Nh5 Rxa2 45. Rxg7+ Kh8 46. Rb7 Nf3+ 47. Kg3 Nh4 48. Kg4 Ra4+ 49. Kg3 Ra2 50. Kg4 Ra4+ 51. Kg3 Ra2 1/2-1/2

[Event "Mumbai Wealth op U13 4th"]
[Site "Mumbai"]
[Date "2019.01.04"]
[Round "6"]
[White "Nikhil, Magizhnan"]
[Black "Srihari, LR."]
[Result "1/2-1/2"]
[WhiteElo "2148"]
[BlackElo "2316"]
[PlyCount "69"]
[EventDate "2018.12.30"]
[EventType "swiss"]
[EventRounds "9"]
[EventCountry "IND"]
[SourceTitle "CBM 188 Extra"]
[Source "ChessBase"]
[SourceDate "2019.02.26"]
[SourceVersion "1"]
[SourceVersionDate "2019.02.26"]
[SourceQuality "1"]

1. e4 c5 2. Nf3 e6 3. c3 Nf6 4. e5 Nd5 5. d4 cxd4 6. cxd4 d6 7. Nc3 Nxc3 8. bxc3 Nc6 9. exd6 Bxd6 10. Bd3 h6 11. 0-0 0-0 12. Qe2 Re8 13. Rd1 Qc7 14. Re1 e5 15. Bf4 Bg4 16. Qe4 g6 17. Nxe5 Bf5 18. Qf3 Nxe5 19. dxe5 Bxe5 20. Bxe5 Rxe5 21. Rxe5 Qxe5 22. Bxf5 gxf5 23. Qxb7 Re8 24. Rf1 Qxc3 25. Qxa7 Re1 26. Qb8+ Kh7 27. Qb5 Re5 28. Qb3 Qc7 29. a4 f4 30. Qb4 f3 31. g3 Qd7 32. Qf4 Qd5 33. Qb4 Qd7 34. Qf4 Qd5 35. Qb4 1/2-1/2

[Event "Mumbai Wealth op 4th"]
[Site "Mumbai"]
[Date "2019.01.03"]
[Round "5"]
[White "Nikhil, Magizhnan"]
[Black "Wagh, Suyog"]
[Result "1/2-1/2"]
[WhiteElo "2148"]
[BlackElo "2240"]
[PlyCount "81"]
[EventDate "2018.12.30"]
[EventType "swiss"]
[EventRounds "9"]
[EventCountry "IND"]
[SourceTitle "CBM 188 Extra"]
[Source "ChessBase"]
[SourceDate "2019.02.26"]
[SourceVersion "1"]
[SourceVersionDate "2019.02.26"]
[SourceQuality "1"]

1. e4 c5 2. Nf3 d6 3. d4 cxd4 4. Qxd4 Nc6 5. Bb5 Bd7 6. Bxc6 Bxc6 7. Nc3 Nf6 8. Bg5 e6 9. 0-0 Be7 10. Rad1 Qa5 11. Qd2 Rd8 12. Rfe1 Qb6 13. Nd4 0-0 14. Nb3 Qc7 15. Qd3 Rfe8 16. Nd4 a6 17. a4 Bd7 18. Nb3 Bc6 19. Nd4 h6 20. Bh4 Rc8 21. Nb3 Red8 22. Qd4 b6 23. f3 Bb7 24. Kh1 Rb8 25. Bg3 Nh5 26. Bf2 Ba8 27. Qd3 Qc8 28. Qe2 Nf4 29. Qd2 Ng6 30. Bd4 Ne5 31. Qf2 Qc7 32. Nd2 Nc6 33. Be3 b5 34. axb5 axb5 35. Nb3 Rdc8 36. Ne2 b4 37. Qg3 Kh8 38. Nf4 Ne5 39. Re2 Nc4 40. Nh5 Bf8 41. Bc1 1/2-1/2

[Event "Gujarat op 1st"]
[Site "Ahmedabad"]
[Date "2018.10.12"]
[Round "10"]
[White "Nikhil, Magizhnan"]
[Black "Bharath, Subramaniyam H"]
[Result "0-1"]
[WhiteElo "2056"]
[BlackElo "2276"]
[PlyCount "154"]
[EventDate "2018.10.05"]
[EventType "swiss"]
[EventRounds "10"]
[EventCountry "IND"]
[SourceTitle "CBM 186 Extra"]
[Source "ChessBase"]
[SourceDate "2018.08.24"]
[SourceVersion "1"]
[SourceVersionDate "2018.08.24"]
[SourceQuality "1"]

1. b3 e5 2. Bb2 Nc6 3. e3 Nf6 4. Bb5 Bd6 5. Na3 Na5 6. Nc4 Nxc4 7. Bxc4 0-0 8. d4 Qe7 9. Nf3 e4 10. Nd2 c6 11. Be2 Bc7 12. c4 d5 13. h3 Be6 14. Qc2 a5 15. a4 Bd6 16. c5 Bc7 17. Ba3 Rfc8 18. Qc3 Nd7 19. b4 axb4 20. Bxb4 Qg5 21. g3 h5 22. h4 Qg6 23. a5 Nf6 24. Nf1 Ng4 25. Bd1 Qf6 26. Ra2 g6 27. Qb2 Ra7 28. Nh2 Nxh2 29. Rxh2 Rca8 30. Qa1 Qd8 31. Kf1 Bxa5 32. Ra4 b5 33. cxb6 Bxb6 34. Rxa7 Rxa7 35. Qc3 Ba5 36. Kg2 Bxb4 37. Qxb4 Qd7 38. Rh1 Rb7 39. Qc5 Rb2 40. Qc3 Qb7 41. Ba4 Bg4 42. Rc1 Bf3+ 43. Kg1 Rb1 44. Qc2 Rxc1+ 45. Qxc1 Be2 46. Kh2 Bc4 47. Qa1 Qa6 48. Qd1 Kg7 49. Qc2 Qa5 50. Bb3 Bd3 51. Qd1 Qc3 52. Ba4 Bb5 53. Bb3 Qb2 54. Kg1 Be2 55. Qe1 Bc4 56. Ba4 Bb5 57. Bxb5 cxb5 58. Qa5 Qc1+ 59. Kg2 Qc4 60. Qd8 b4 61. Qb8 b3 62. Qe5+ Kf8 63. Qh8+ Ke7 64. Qe5+ Kd7 65. Qb8 Kc6 66. Kh2 Qc2 67. Kg2 f5 68. Qg8 Kb5 69. Qxd5+ Kb4 70. Qd6+ Kc3 71. d5 b2 72. Qf6+ Kd2 73. d6 b1Q 74. d7 Ke1 75. d8Q Qxf2+ 76. Kh3 Qf1+ 77. Kh2 Qc2+ 0-1

[Event "Sharjah Masters 2nd"]
[Site "Sharjah"]
[Date "2018.04.19"]
[Round "9"]
[White "Hejazipour, Mitra"]
[Black "Nikhil, Magizhnan"]
[Result "1-0"]
[WhiteElo "2304"]
[BlackElo "2105"]
[PlyCount "131"]
[EventDate "2018.04.12"]
[EventType "swiss"]
[EventRounds "9"]
[EventCountry "UAE"]
[SourceTitle "CBM 184 Extra"]
[Source "ChessBase"]
[SourceDate "2018.06.28"]
[SourceVersion "1"]
[SourceVersionDate "2018.06.28"]
[SourceQuality "1"]

1. c4 e6 2. g3 d5 3. Bg2 Nf6 4. Nf3 Be7 5. 0-0 0-0 6. d4 dxc4 7. Qc2 a6 8. a4 Nbd7 9. Rd1 Rb8 10. a5 c5 11. Nbd2 b5 12. axb6 Bb7 13. Nxc4 Rc8 14. Nfe5 Bxg2 15. Kxg2 cxd4 16. Rxd4 Bc5 17. Rd1 Bxb6 18. Bf4 Qc7 19. Nxd7 Qc6+ 20. e4 Nxd7 21. Rxd7 Qxd7 22. Nxb6 Rxc2 23. Nxd7 Rd8 24. Rd1 Kh8 25. Be5 Rc6 26. Rd3 f6 27. Bc3 Rc7 28. Nc5 Rxd3 29. Nxd3 Kg8 30. e5 Kf7 31. Kf3 Rc8 32. Ke3 Rc4 33. f4 h5 34. exf6 gxf6 35. Nf2 Rc6 36. Ne4 e5 37. fxe5 fxe5 38. Bxe5 Ke6 39. Kf4 Rc4 40. b3 Rc8 41. Bd6 a5 42. Ba3 Rc2 43. h4 Ra2 44. Bc5 Kf7 45. Kg5 Rb2 46. Kxh5 Rxb3 47. g4 a4 48. g5 a3 49. g6+ Ke6 50. Ng5+ Kf6 51. Bd4+ Kf5 52. g7 Rb8 53. Nf7 a2 54. Ba1 Kf4 55. Nh6 Rb5+ 56. Kg6 Rb6+ 57. Kh7 Rb7 58. Kh8 Rb8+ 59. g8Q Rxg8+ 60. Kxg8 Kg3 61. Nf5+ Kg4 62. Kg7 Kh5 63. Kf6 Kg4 64. Kg6 Kf4 65. h5 Kg4 66. h6 1-0

[Event "Sharjah Masters 2nd"]
[Site "Sharjah"]
[Date "2018.04.15"]
[Round "5"]
[White "Sundararajan, Kidambi"]
[Black "Nikhil, Magizhnan"]
[Result "1-0"]
[WhiteElo "2436"]
[BlackElo "2105"]
[PlyCount "59"]
[EventDate "2018.04.12"]
[EventType "swiss"]
[EventRounds "9"]
[EventCountry "UAE"]
[SourceTitle "CBM 184 Extra"]
[Source "ChessBase"]
[SourceDate "2018.06.28"]
[SourceVersion "1"]
[SourceVersionDate "2018.06.28"]
[SourceQuality "1"]

1. d4 Nf6 2. Nf3 e6 3. e3 b6 4. Bd3 Bb7 5. 0-0 Be7 6. c4 0-0 7. Nc3 d5 8. cxd5 exd5 9. b3 a6 10. Bb2 Bd6 11. Ne5 c5 12. Ne2 Nbd7 13. Ng3 g6 14. f4 Qe7 15. Qf3 cxd4 16. exd4 Ba3 17. Nf5 gxf5 18. Bxa3 Qxa3 19. Bxf5 Bc8 20. Nxd7 Bxd7 21. Bxd7 Qb2 22. Rad1 Qxa2 23. Bf5 Qa3 24. Qh3 Kh8 25. Qh6 Qe7 26. Rfe1 Qd8 27. Rd3 Rg8 28. Rg3 Ra7 29. Re8 Rxe8 30. Qg7# 1-0

[Event "Dubai op 20th"]
[Site "Dubai"]
[Date "2018.04.03"]
[Round "2"]
[White "Gagare, Shardul"]
[Black "Nikhil, Magizhnan"]
[Result "1-0"]
[WhiteElo "2502"]
[BlackElo "2105"]
[PlyCount "69"]
[EventDate "2018.04.02"]
[EventType "swiss"]
[EventRounds "9"]
[EventCountry "UAE"]
[SourceTitle "CBM 183 Extra"]
[Source "ChessBase"]
[SourceDate "2018.04.19"]
[SourceVersion "1"]
[SourceVersionDate "2018.04.19"]
[SourceQuality "1"]

1. d4 Nf6 2. c4 e6 3. Nc3 Bb4 4. g3 0-0 5. Bg2 d5 6. Nf3 c5 7. cxd5 Nxd5 8. Bd2 cxd4 9. Nxd5 Bxd2+ 10. Qxd2 Qxd5 11. Qxd4 Qa5+ 12. Qd2 Qc7 13. 0-0 Nc6 14. Qc3 e5 15. b4 Qb6 16. Nxe5 Qxb4 17. Qxb4 Nxb4 18. a3 Re8 19. Rfd1 Nc2 20. Ra2 Be6 21. Rb2 Nxa3 22. Bxb7 Rad8 23. Rc1 g6 24. Ba6 Bd5 25. Ng4 Rd6 26. Bd3 a6 27. Rc3 Nb5 28. Bxb5 axb5 29. Rd3 Red8 30. Rbd2 Be6 31. Nf6+ Kf8 32. Rxd6 Rxd6 33. Rxd6 Ke7 34. Ne4 f5 35. Rb6 1-0